000 00882nam a2200265Ia 4500
003 OSt
005 20220918171018.0
006 a|||||r|||| 00| 0
007 ta
008 220917b |||||||| |||| 00| 0 eng d
020 _a9781137363633 (hbk)
_c5741.39
024 _a286,287
037 _b035, 05/03/2015, Pioneer Book Distributors
_cTextual
040 _aARTS
_cARTS
_beng
041 _2eng
_aeng
082 _aN:(Y:1), Q4
100 _aPadva Gilad Ed.
_933100
245 0 _aSensational pleasures in cinema, literature and visual culture
_b The phallic eye
260 _aNew York
_bPalgrave macmillan U.S.A.
_c2014
300 _axiii, 308p.
_ccm.
650 _aARTS
700 _a Buchweitz Nurit Ed.
_933101
942 _hN:(Y:1), Q4
_cTEXL
_2CC
999 _c137255
_d137255